Economics entrepreneurship and taxation (Record no. 3552)
[ view plain ]
| 000 -LEADER | |
|---|---|
| fixed length control field | 00459nam a22001337a 4500 |
| 020 ## - INTERNATIONAL STANDARD BOOK NUMBER | |
| International Standard Book Number | 9789351118107 |
| 082 ## - DEWEY DECIMAL CLASSIFICATION NUMBER | |
| Classification number | 658.421 PUR |
| 100 ## - MAIN ENTRY--PERSONAL NAME | |
| Personal name | Ashok Purohit |
| 245 ## - TITLE STATEMENT | |
| Title | Economics entrepreneurship and taxation |
| 260 ## - PUBLICATION, DISTRIBUTION, ETC. | |
| Place of publication, distribution, etc. | New Delhi |
| Name of publisher, distributor, etc. | Random publication |
| Date of publication, distribution, etc. | 2016 |
| 300 ## - PHYSICAL DESCRIPTION | |
| Extent | 273p |
| 942 ## - ADDED ENTRY ELEMENTS (KOHA) | |
| Koha item type | Book |
| Withdrawn status | Lost status | Damaged status | Not for loan | Collection code | Permanent Location | Current Location | Shelving location | Date acquired | Total Checkouts | Full call number | Barcode | Date last seen | Date last checked out | Price effective from | Koha item type |
|---|---|---|---|---|---|---|---|---|---|---|---|---|---|---|---|
| Central Library (CL) | Central Library (CL) | General Stacks | 08/02/2016 | 1 | 658.421 PUR | S3H-S-833 | 01/22/2019 | 10/19/2017 | 08/02/2016 | Book |
